[Event "Torredembarra op 13th"]
[Site "Torredembarra"]
[Date "2011.07.02"]
[Round "1"]
[White "Morales Mendizabal, Pere"]
[Black "Moskalenko, Viktor"]
[Result "0-1"]
[WhiteElo "1889"]
[BlackElo "2591"]
[PlyCount "38"]
[EventDate "2011.07.02"]
[EventType "swiss"]
[EventRounds "9"]
[EventCountry "ESP"]
[SourceTitle "EXT 2012"]
[Source "ChessBase"]
[SourceDate "2011.11.24"]
[SourceVersion "1"]
[SourceVersionDate "2011.11.24"]
[SourceQuality "1"]

1. d4 Nf6 2. f4 d5 3. e3 Bf5 4. Nf3 e6 5. Bd3 Nbd7 6. b3 Be7 7. 0-0 0-0 8. Ba3 c5 9. Bxf5 exf5 10. Nbd2 cxd4 11. Bxe7 Qxe7 12. exd4 Qe3+ 13. Kh1 Qxf4 14. c3 Ng4 15. g3 Qh6 16. Qe2 Rae8 17. Qd3 Ndf6 18. h4 Ne4 19. Ne5 Nef2+ 0-1

[Event "Barcelona op-B"]
[Site "Barcelona"]
[Date "1998.??.??"]
[Round "5"]
[White "Morales Mendizabal, Pere"]
[Black "Cabello Llopis, Joan Emili"]
[Result "0-1"]
[WhiteElo "1900"]
[BlackElo "1920"]
[PlyCount "98"]
[EventDate "1998.??.??"]
[EventType "swiss"]
[EventRounds "8"]
[EventCountry "ESP"]
[SourceTitle "EXT 2019"]
[Source "ChessBase"]
[SourceDate "2018.10.10"]
[SourceVersion "1"]
[SourceVersionDate "2018.10.10"]
[SourceQuality "1"]

1. d4 Nf6 2. f4 d5 3. e3 e6 4. Bd3 c5 5. c3 Nc6 6. Qf3 cxd4 7. exd4 Be7 8. Nh3 Qb6 9. Nd2 Bd7 10. b4 Nxd4 11. cxd4 Qxd4 12. Nb3 Bxb4+ 13. Bd2 Bxd2+ 14. Kxd2 Ne4+ 15. Ke2 Qb2+ 16. Ke3 Bc6 17. Qe2 Qa3 18. Rhc1 Qb4 19. Nd4 0-0 20. Rab1 Qd6 21. Nxc6 bxc6 22. Qc2 d4+ 23. Kf3 Nc3 24. Rb3 f5 25. Bc4 h6 26. Re1 Rae8 27. Re5 Kh8 28. Qd3 Ne4 29. Nf2 Nc5 30. Qc2 Nxb3 31. axb3 g5 32. g3 c5 33. Nd3 gxf4 34. gxf4 Qc6+ 35. Kf2 Rg8 36. Ne1 Qh1 37. Bf1 Qxh2+ 38. Bg2 Qxf4+ 39. Nf3 Qg3+ 40. Kf1 d3 41. Qd2 Rg6 42. Qb2 Kh7 43. Rxc5 Qd6 44. Qc3 Re7 45. Rc6 Qg3 46. Qd2 Reg7 47. Ne1 Qh2 48. Rc3 Rxg2 49. Nxg2 Qh1+ 0-1

[Event "Barcelona op-B"]
[Site "Barcelona"]
[Date "1998.??.??"]
[Round "2"]
[White "Schneider Ristol, Alejandro"]
[Black "Morales Mendizabal, Pere"]
[Result "1-0"]
[WhiteElo "2000"]
[BlackElo "1900"]
[PlyCount "69"]
[EventDate "1998.??.??"]
[EventType "swiss"]
[EventRounds "8"]
[EventCountry "ESP"]
[SourceTitle "EXT 2019"]
[Source "ChessBase"]
[SourceDate "2018.10.10"]
[SourceVersion "1"]
[SourceVersionDate "2018.10.10"]
[SourceQuality "1"]

1. e4 g6 2. d4 Bg7 3. Nc3 a6 4. f4 d6 5. Nf3 b5 6. a3 Bb7 7. e5 dxe5 8. fxe5 e6 9. Bd3 Nd7 10. Be3 Ne7 11. 0-0 0-0 12. Qd2 Rc8 13. Be4 Nd5 14. Nxd5 exd5 15. Bd3 c5 16. c3 cxd4 17. cxd4 Nb6 18. b3 Qd7 19. Rae1 Rc7 20. Bh6 Rfc8 21. Bxg7 Kxg7 22. Ng5 Qg4 23. Rf4 Qh5 24. h4 Kg8 25. Ref1 Qh6 26. Qf2 Qg7 27. Rxf7 Rxf7 28. Qxf7+ Qxf7 29. Rxf7 Rc1+ 30. Kf2 Bc8 31. Rxh7 Rc3 32. Bxg6 Rxb3 33. e6 Rxa3 34. e7 Bd7 35. Bf7# 1-0